000 00914cam a2200181 i 4500
005 20260204125727.0
008 250721s2005 jo gr 000 0 ara d
082 1 4 _a378.16
_bإ م ت
110 2 _aدار الجذور للنشر والتوزيع.
_bلجنة الدراسات والابحاث
_eمعد.
245 1 2 _aالإمتحان الشامل لكليات المجتمع :
_bنماذج الأسئلة الورقة الأولى لجميع التخصصات /
_cإعداد لجنة الدراسات والأبحاث في دار الجذور للنشر والتوزيع ؛ بإشراف الدكتور شكري حجي.
250 _aالطبعة الأولى.
264 3 1 _aعمان :
_bدار الجذور للنشر والتوزيع،
_c2005.
300 _a112 صفحة.
650 1 7 _aالتعليم العالي.
650 1 7 _aالإمتحانات.
942 _2ddc
_cBK
999 _c92334
_d92334